书目信息 |
| 题名: |
西南边疆山区交通网络与旅游空间结构演化关联机制及效应研究
|
|
| 作者: | 王峰, 著 | |
| 分册: | ||
| 出版信息: | 长春 吉林大学出版社 2018 |
|
| 页数: | 202页 | |
| 开本: | 24cm | |
| 丛书名: | ||
| 单 册: | ||
| 中图分类: | F512.774 , K901.7 | |
| 科图分类: | ||
| 主题词: | ||
| 电子资源: | ||
| ISBN: | 978-7-5692-2289-0 | |
| 000 | 01346nam0 2200289 450 | |
| 001 | 012001008595 | |
| 005 | 20131023112950.0 | |
| 010 | @a978-7-5692-2289-0@dCNY45.00 | |
| 099 | @aCAL 012018185591 | |
| 100 | @a20181130d2018 em y0chiy50 ea | |
| 101 | 0 | @achi |
| 102 | @aCN@b220000 | |
| 105 | @aabk a 000yy | |
| 106 | @ar | |
| 200 | 1 | @a西南边疆山区交通网络与旅游空间结构演化关联机制及效应研究@Axi nan bian jiang shan qu jiao tong wang luo yu lu^ you kong jian jie gou yan hua guan lian ji zhi ji xiao ying yan jiu@e以云南省为例@f王峰著 |
| 210 | @a长春@c吉林大学出版社@d2018 | |
| 215 | @a202页@c图, 地图@d24cm | |
| 300 | @a云南省哲学社会科学规划项目《旅游业驱动下的云南山地族群互动效应与共生机制研究》(YB2015058)和云南民族大学校级重大项目《少数民族大学生廉洁政治认同与教育对策研究》联合资助 | |
| 320 | @a有书目 (第193-202页) | |
| 330 | @a本书共分八章,内容涉及:西南边疆山区交通网络与旅游空间结构演化关联机制的理论基础分析;西南边疆山区旅游空间结构演化的交通作用机制及其相应;云南旅游空间结构演化的实证分析等。 | |
| 607 | @a边疆地区@Abian jiang di qu@x山区@x旅游地理学@x研究@y云南省 | |
| 607 | @a边疆地区@Abian jiang di qu@x山区@x交通运输地理学@x研究@y云南省 | |
| 690 | @aF512.774@v5 | |
| 690 | @aK901.7@v5 | |
| 701 | 0 | @a王峰,@Awang feng@f1984-@4著 |
| 801 | 0 | @aCN@b上海新华@c20191020 |
| 905 | @b1181173-7@dF512.774@e25@f5 | |
| 西南边疆山区交通网络与旅游空间结构演化关联机制及效应研究:以云南省为例/王峰著.-长春:吉林大学出版社,2018 |
| 202页:图, 地图;24cm |
| 云南省哲学社会科学规划项目《旅游业驱动下的云南山地族群互动效应与共生机制研究》(YB2015058)和云南民族大学校级重大项目《少数民族大学生廉洁政治认同与教育对策研究》联合资助 |
| ISBN 978-7-5692-2289-0:CNY45.00 |
| 本书共分八章,内容涉及:西南边疆山区交通网络与旅游空间结构演化关联机制的理论基础分析;西南边疆山区旅游空间结构演化的交通作用机制及其相应;云南旅游空间结构演化的实证分析等。 |
| ● |
| 相关链接 |
|
|
|
|
正题名:西南边疆山区交通网络与旅游空间结构演化关联机制及效应研究
索取号:F512.774/25
 
预约/预借
| 序号 | 登录号 | 条形码 | 馆藏地/架位号 | 状态 | 备注 |
| 1 | 1181173 | 211811734 | 第一样本阅览室/ [索取号:F512.774/25] | 在馆 | |
| 2 | 1181174 | 211811743 | 第一借阅区/ [索取号:F512.774/25] | 在馆 | |
| 3 | 1181175 | 211811752 | 第一借阅区/ [索取号:F512.774/25] | 在馆 | |
| 4 | 1181176 | 211811761 | 第一借阅区/ [索取号:F512.774/25] | 在馆 | |
| 5 | 1181177 | 211811770 | 第一借阅区/ [索取号:F512.774/25] | 在馆 |